[Event "Moscow Aeroflot op-A 10th"]
[Site "Moscow"]
[Date "2011.02.12"]
[Round "5"]
[White "Zhao, Jun"]
[Black "Mekhitarian, Krikor Sevag"]
[Result "0-1"]
[WhiteElo "2599"]
[BlackElo "2528"]
[Annotator "Mekhitarian,K"]
[PlyCount "126"]
[EventDate "2011.02.08"]
[EventType "swiss"]
[EventRounds "9"]
[EventCountry "RUS"]
[SourceTitle "CBM 141 Extra"]
[Source "ChessBase"]
[SourceDate "2011.05.03"]
[SourceVersion "1"]
[SourceVersionDate "2011.05.03"]
[SourceQuality "1"]

1. d4 Nf6 2. c4 g6 3. Nf3 Bg7 4. g3 d5 {the best move order, if you want to
play the Nb6-Nc6 line since:} (4... O-O 5. Bg2 d5 6. cxd5 Nxd5 7. O-O Nb6 8.
Nc3 Nc6 {allows} 9. d5 $1 {and with 4...d5, you 'avoid' that, because Nb6-Nc6
will come before O-O, thus forcing white to play 8.e3, and that would give you
important free time to spend with your family instead of having to study the
position after 9.d5.}) 5. cxd5 Nxd5 6. Bg2 Nb6 7. Nc3 Nc6 8. e3 (8. O-O $5 {
Ok, before anyone calls me a liar, I might say that this move is also possible.
Now if 8...O-O, then 9.d5! So, you have to spend an additional time analysing
the position after 8...Nxd4 (that should be played after the 4...d5 decision)}
Nxd4 9. Nxd4 Qxd4 10. Nb5 $13 {with many possibilities, being 10...Qc4 the
main one.}) 8... O-O 9. O-O Re8 10. Re1 a5 11. Qe2 Be6 $1 {the popular move
nowadays} 12. Nd2 {avoiding Bc4, and trying to regroup slowly} (12. Rd1 {
leads to some important games:} Bc4 13. Qc2 Nb4 (13... a4 $5 {keeps the
pressure}) 14. Qb1 e5 $1 {forcing white to make serious decisions} 15. a3 (15.
b3 exd4 16. bxc4 dxc3 $1 17. Rxd8 Raxd8 18. Qb3 {Vidit,S (2502)-Shyam,S (2417)
IND-ch U19 40th 2010 (10) 0-1} c5 (18... c2 $5 19. Nd4 Rxd4 20. exd4 Re1+ 21.
Bf1 Bxd4 22. a3 Bxa1 23. Bh6 Bg7 24. axb4 Bxh6 25. Qxc2 axb4 26. c5 $1 $13) 19.
Bf1 a4 20. Qa3 $13) 15... exd4 16. axb4 dxc3 $1 17. Rxd8 Raxd8 $44 {and as
practice has shown, black has no problems.} 18. bxc3 (18. Qc2 axb4 19. Nd2 cxd2
20. Bxd2 Ra8 21. Rxa8 Rxa8 22. h4 $1 $13 (22. Bxb7 $2 Ra1+ 23. Bc1 b3 $17 {
Leitao,R (2624)-Caruana,F (2700) Khanty Mansiysk ol (Men) 39th 2010 (9.1) 0-1})
) 18... Rd1+ 19. Bf1 Bxf1 20. Qc2 Be2+ 21. Kg2 Bf1+ 22. Kg1 $11 {Amanov,M 
(2506)-Young,G (2296) North American Open 2010 (5) 1/2}) 12... a4 13. Rd1 f5
14. Rb1 Bf7 {Now the funny part - I had a good amount of analysis in this
whole variation, and the day before this game, I started to look for different
ideas for white, something that could actually bother black. 15.b3 didn't
scare me at all, but 15.Nf3 (a novelty) was interesting, trying to take
advantage of some weaknesses at the king-side (with e4 or Ne5). And when
discussing the position with my friends, we started to laugh since I was
getting really worried about an idea that has never been played before. And of
course...} 15. Nf3 $1 $146 {somehow I feel this is the correct decision for
white. 15.b3 tries a queen-side pressure, but I think that black should be ok
then. With 15.Nf3, in the other hand, black must be really careful, since his
king could get vulnerable soon enough.} (15. b3 axb3 16. Nxb3 (16. axb3 Nd5 17.
Bb2 Nxc3 $5 $146 18. Bxc3 Bd5 19. Bxd5+ Qxd5 20. b4 Nd8 $11 {Nf7 to come,
c6-e5 ideas}) 16... Nd5 17. Bd2 $5 {possible improvement over 17.Nxd5, now
white wants to play Qb5 or Nc5, and if black exchanges on c3, the Bishop will
be already in c3, compared to the game.} (17. Nxd5 Bxd5 18. Qb5 e6 $11 {
Maletin,P (2617)-Kurnosov,I (2662) RUS-ch Higher League 63rd 2010 (7) 0-1 When
black is quite safe.}) 17... Nxc3 18. Bxc3 Bd5 19. Nc5 Rxa2 20. Qf1 {but black
has a strong resource now:} b6 21. Ne6 Bxe6 22. Bxc6 Bd5 $1 (22... Rf8 $2 {
feels a unpleasant} 23. Bb4 $1 $14 {/+/-. And Ra1 to come}) 23. Bxe8 Qxe8 24.
Qb5 Qd8 $44 {Qd6-e6 to come}) 15... Bc4 16. Qe1 Nb4 {My opponent should've
been confused how I was still blitzing moves, I guess?!} 17. a3 $6 {This seems
harmless. I'll get the bishop pair, and slowly prepare a breakthrough with e5.
White should've tried something more dynamic by means of:} (17. Ne5 $5 Bxe5 18.
dxe5 Qc8 19. b3 Bd3 $13 {or}) (17. e4 $5 {sacrificing the a2 pawn for future
king-side pressure}) 17... Nd3 18. Qd2 Nxc1 19. Qxc1 Bb3 20. Re1 c6 $11 {
feels like a bit more confortable for black already. Nevertheless, white is
quite solidly placed and has no weaknesses.} 21. h4 {I got surprised how fast
my opponent played this move. Anyway, it turns out that the idea is not bad,
and I should act quickly in the center to avoid any disturbances with h5} (21.
Nd2 Bf7 22. f4 {having my bishop closed on g7 scared me during the game. I'm
still not sure whether was this good for white, but it seems interesting.} Rc8
{threatening c5, when black would be sitting pretty} 23. b4 axb3 24. Nxb3 Nc4
$13) 21... Nc4 {/\ e5} 22. e4 (22. Bf1 {was the move I expected, because now
my ...e5 is no good} b5 $5 $13 {once again with a weird position} (22... e5 $2
23. Bxc4+ Bxc4 24. Nxe5 Bxe5 25. dxe5 Rxe5 $14 {now both e4 or Rd1-d4-Qd2
annoyed me, since I have a dark-square problem around my king}) (22... e6 $5))
22... e5 {not a bad move, but} ({I missed the strong} 22... f4 $1 23. gxf4 (23.
Qxf4 Rf8 24. Qg5 Bxd4 25. Nxd4 Qxd4 26. Re2 Rf7 $17) 23... Bxd4 24. Bf1 {/\ Rd1
} (24. h5 e5 25. hxg6 hxg6 $17 {quite unusual, but white's pieces still can't
find healthy squares}) 24... e5 $17 {And white is stuck in the 1st rank}) ({
clearly, taking the pawn is nosense:} 22... fxe4 $2 23. Nxe4 Bxd4 24. h5 $1 $44
{when white is getting to black's king quite fast}) 23. dxe5 {time for another
decision: should I activate his knight on c3 to protect my king-side structure?
} Nxe5 (23... fxe4 24. Nxe4 Nxe5 $13 {I couldn't evaluate precisely here,
because as happened in the game, the black f5 P covers this e4 square, which
is important for white. I analysed 25.Nc5 here and didn't feel so happy about
him activating his pieces.}) 24. exf5 Nxf3+ 25. Bxf3 Rxe1+ 26. Qxe1 gxf5 {
And once again, I'm sort of controlling white's pieces activity. In the other
hand, Qe3-Re1 is coming, and my structure on the king-side became a bit
vulnerable} 27. Qe3 Qd6 28. Re1 f4 (28... Rf8 $5 {keeping the pressure was a
possibility, but it felt like I could get an edge with 28...f4}) 29. Qxf4 (29.
Qe7 $5 Qxe7 30. Rxe7 fxg3 31. fxg3 Rd8 32. Rxb7 Rd2 {and, as every single
position in chess, the engine says it's a draw. Black gets the important b2
pawn, but white has central counterplay} 33. Bxc6 Rxb2 34. Ne4 Bd4+ 35. Kh1
Rb1+ 36. Kg2 Rb2+ 37. Kh1 $11) 29... Qxf4 30. gxf4 Rf8 31. Re4 Bxc3 32. bxc3
Bd5 33. Re3 Rxf4 34. Bxd5+ cxd5 {I thought we would agree quickly to a draw
here, but actually white should be a little bit careful at least} 35. Re8+ (35.
Rd3 {was simpler:} Rxh4 36. Rxd5 Rc4 37. Rd8+ Kf7 38. Rd7+ $11) 35... Kf7 36.
Rb8 Rxh4 37. Rxb7+ Ke6 38. Ra7 Rc4 39. Kf1 h5 40. Ke2 h4 {this is the kind of
position I was pretending to get: black has a strong h4-pawn, and white's
weaknesses are more sensible (c3-a3 are hanging together e.g.).} 41. Kd3 Rf4
42. Ke3 Re4+ {it's always a good thing to force your opponent to make
decisions during a game, specially when we are approaching time trouble -
White has to decide whether to left his king cut on f3 or d3 (on d3, white
loses contact with h3 pawn, but the queen-side pawns would be safe. On f3, the
opposite happens)} 43. Kf3 (43. Kd3 {was also good enough for a draw} Kf5 44.
Rd7 h3 45. Rh7 Kg4 46. f3+ $11 (46. Rg7+ $11)) 43... h3 (43... Rc4 $5 {would
be the best practical chance, I think} 44. Kg2 Rxc3 45. Rxa4 h3+ 46. Kh2 Rf3
47. Ra8 $1 (47. Rh4 $2 {trying to rush things would lead to a disaster:} Rxf2+
48. Kg3 (48. Kxh3 Ke5 49. Kg3 Rf6 $19) 48... Rf6 $1 49. Rxh3 d4 $19 {and it
seems that black is winning}) 47... d4 48. a4 Rf7 49. a5 Rd7 50. Rc8 d3 51. Rc1
Kd5 52. a6 Ra7 53. Kxh3 Kd4 54. f4 d2 55. Rd1 Kd3 56. f5 Ke2 57. Rb1 $1 d1=Q
58. Rxd1 Kxd1 59. Kg4 $11) 44. Kg3 Rh4 45. Kh2 Rc4 46. f3 $2 (46. Kxh3 $1 {
led to a simple draw:} Rxc3+ 47. Kg4 Rxa3 48. Ra6+ $1 {The most precise idea.
now Ke5 allows 49.f4+ with a tempo, and otherwise my king stays quite passive.}
Ke5 (48... Kd7 49. Kf5 Ra1 50. Ke5 a3 51. Kd4 $11) 49. f4+ Ke4 50. f5 $11)
46... Rxc3 47. Rxa4 Rxf3 48. Ra8 d4 49. a4 Ra3 $2 (49... Kd7 $1 {Was the
winning idea, 'shouldering' the rook access to the 'd' file. I had this in
mind at some point, but I couldn't calculate everything and somehow I had this
feeling that it was not the right moment to leave the king that far from the
'd' pawn.} 50. a5 d3 51. Ra7+ Kc6 52. Ra6+ Kc5 53. Ra8 Rf6 $1 $19) 50. a5 d3
51. Rd8 Ke5 52. a6 Ke4 53. Rd6 Ke3 54. Re6+ Kf2 55. Rf6+ Ke2 56. Re6+ Kd1 57.
Kxh3 $2 (57. Rc6 $1 d2 58. Rg6 $11 {and black can not make any progress. The
existance of the a6-pawn allows the h2-king to stay out of the battle}) 57...
d2+ 58. Kg2 Ra5 $4 {on time trouble again, I hallucinate trying to play Rg5+,
Rg7, Rc7 and forgot the simple idea of Ra1, followed by the march of my king
to anywhere} (58... Ra1 $19 {/\ Kc2}) 59. Rd6 $4 {I don't believe in luck,
when it comes to chess. Sometimes, things just go your way...} (59. Kf2 {
is a simple draw, as well as any Rook move on the 6th rank (besides Rb6 and
Rg6, and naturally, Rd6)} Rf5+ 60. Ke3 Rf7 61. Rd6 {and that's why my bizarre
idea wouldn't work} Re7+ 62. Kd3 $11) 59... Ra1 $19 60. Rc6 Ke2 61. Re6+ Kd3
62. Rd6+ Kc2 63. Rc6+ Kb3 0-1

[Event "Moscow op2"]
[Site "Moscow"]
[Date "1995.??.??"]
[Round "4"]
[White "Podgaets, Mikhail"]
[Black "Notkin, Maksim"]
[Result "1/2-1/2"]
[WhiteElo "2450"]
[BlackElo "2520"]
[Annotator "Notkin,M"]
[PlyCount "81"]
[EventDate "1995.11.??"]
[EventType "swiss"]
[EventRounds "9"]
[EventCountry "RUS"]
[SourceTitle "CBM 050 Extra"]
[Source "ChessBase"]
[SourceDate "1996.03.01"]
[SourceVersion "1"]
[SourceVersionDate "1996.03.01"]
[SourceQuality "1"]

1. d4 Nf6 2. Nf3 g6 3. c4 Bg7 4. g3 O-O 5. Bg2 d5 6. cxd5 Nxd5 7. O-O Nb6 8.
Nc3 Nc6 9. e3 e5 10. d5 Na5 11. e4 c6 12. Bg5 f6 13. Be3 cxd5 14. Bxb6 Qxb6 15.
Nxd5 Qd8 16. Qc1 $5 (16. Rc1 Nc6 17. Qb3 Rf7 18. Rfd1 Be6 19. h4 Bh6 20. Rc3
Kh8 21. Kh2 Qe8 22. Bh3 Bxh3 23. Kxh3 Qe6+ 24. Kg2 Re8 $11 {Hansen,Cu-Korchnoi,
V/Biel/1992/0,5/66/}) (16. h3 Be6 17. Qa4 Rf7 18. Rfd1 Rd7 19. Rd2 Bxd5 20.
exd5 Rc8 $13 {Tukmakov,V-Ragozin,E/Helsinki/1992/1:0/42/}) 16... Bg4 17. Rd1
Bxf3 18. Bxf3 Nc6 19. Qe3 Nd4 $6 (19... f5 $2 20. Qb3 Rf7 21. exf5 gxf5 22. Bh5
) (19... Rf7 $1 20. Rac1 Qf8 $11) 20. Rac1 Rf7 21. Bg2 Qf8 (21... f5 22. exf5
gxf5 23. f4 $16) 22. f4 Re8 23. Kh1 Nc6 (23... f5 24. fxe5 Nc6 25. exf5 Rxf5
26. Qb3 $16) (23... Kh8 $14) 24. Qb3 Kh8 25. Rf1 (25. f5 gxf5 26. exf5 e4 $132)
25... f5 $5 26. exf5 (26. fxe5 fxe4 27. Nc7 Ree7 $1) 26... Nd4 (26... gxf5 27.
fxe5 {/\Nf4/}) 27. Qa4 Nxf5 28. Rfe1 $1 Nd6 (28... a6 29. Rc2 Nd4 30. Rd2) 29.
b3 (29. Qxa7 $5 exf4 30. Rxe8 Qxe8 31. Nxf4 Bxb2 32. Rd1 $14) 29... a6 30. Re2
Rc8 31. Rce1 exf4 32. Nxf4 Nb5 $2 (32... Bc3 $5 33. Rc1 Bf6 $11) 33. Ne6 Qd6
34. Ng5 Rf5 (34... Rfc7 35. Qh4 h5 36. g4 Qf4 37. Ne6) 35. Qh4 (35. Bxb7 Rxg5
36. Bxc8 Qc6+ 37. Qe4 Qxc8 38. Qe8+ $18) (35. Re6) 35... h5 $8 36. Be4 $2 $138
(36. Re6 $1 Qd2 37. Nf3 Qf2 $1 38. R6e2 $1 Qc5 39. Bh3 $16) 36... Rff8 (36...
Rf6 $2 37. Bxg6 $18) 37. Bg2 (37. Bxb7 Nd4 $132) 37... Nd4 38. Rd2 Qf6 39. Rf1
Nf5 40. Qf4 Bh6 41. h4 1/2-1/2

[Event "Banja Luka"]
[Site "Banja Luka"]
[Date "1983.??.??"]
[Round "5"]
[White "Vukic, Milan"]
[Black "Ftacnik, Lubomir"]
[Result "1-0"]
[WhiteElo "2465"]
[BlackElo "2560"]
[Annotator "Notkin,M"]
[PlyCount "117"]
[EventDate "1983.04.??"]
[EventType "tourn"]
[EventRounds "13"]
[EventCountry "YUG"]
[EventCategory "9"]
[SourceTitle "MCL"]
[Source "ChessBase"]
[SourceDate "1999.07.01"]
[SourceVersion "1"]
[SourceVersionDate "1999.07.01"]
[SourceQuality "1"]

1. d4 Nf6 2. c4 g6 3. Nf3 Bg7 4. g3 d5 5. cxd5 Nxd5 6. Bg2 Nb6 7. Nc3 O-O 8.
O-O Nc6 9. e3 e5 10. d5 Ne7 11. e4 Bg4 12. Qb3 c6 13. Nh4 cxd5 14. exd5 Nec8
15. a4 (15. h3 Bd7 16. a4 Nd6 17. a5 Nbc4 18. Qb4 b6 19. a6 $2 (19. axb6 Qxb6
20. Qxb6 axb6 21. Rxa8 Rxa8 22. b3 Na5 23. Be3 $13) 19... Rc8 $1 $17 {Ionescu,
C-Schmidt,W/Thessaloniki/1988/}) 15... Nd6 16. a5 Nbc4 17. Qb4 Rc8 $2 (17... b6
) 18. h3 (18. b3 e4 $1) 18... Bh5 (18... Bd7 19. b3 e4 20. bxc4 Rxc4 21. Qxd6)
(18... g5 19. Bxg5 Qxg5 20. hxg4 Qxg4 21. Ra4 e4 22. Nd1 $16) 19. Ra2 $6 (19.
Ra4 $1 $16) 19... g5 $1 20. g4 (20. Nf3 Bxf3 21. Bxf3 f5 $13) 20... Bxg4 $1 21.
hxg4 gxh4 22. b3 h3 $1 (22... e4 23. Nxe4 Nxe4 24. Bxe4 Nd6 25. Bg2 $14) 23.
Bxh3 Qh4 24. Kh2 $5 (24. Kg2 f5 25. gxf5 Ne3+ $19) (24. Bg2 e4 25. Bf4 Qxg4 26.
Bxd6 Nxd6 27. Nxe4 $10) 24... e4 (24... f5 25. Rg1 fxg4 $2 26. Rxg4 Rxf2+ 27.
Rxf2 Qxf2+ 28. Rg2 $18) 25. Bf4 $1 (25. bxc4 Be5+ {/\Rc4/}) (25. Nxe4 Nxe4 26.
bxc4 Be5+ 27. Kg2 Nxf2 $1 $15) 25... Be5 (25... Ne5 26. Nxe4 (26. Qxd6 $6 Nxg4+
27. Kg2 Rxc3 $40) 26... Nxg4+ 27. Kg2 Nf5 $1 $13) 26. Ne2 Qe7 $1 (26... Qf6 27.
Bg3 $1 $18) 27. bxc4 Bxf4+ 28. Nxf4 Qe5 29. Kg3 (29. Qd2 Nxc4 30. Qc1 e3) 29...
h5 (29... Rxc4 30. Qb2 $1 Rc3+ 31. Kg2 Nc4 32. Qa1 e3 33. f3 {/\Ne2/}) 30. c5
$1 f5 $1 31. gxh5 (31. g5 h4+ 32. Kg2 Qxf4 33. cxd6 Qf3+ 34. Kh2 Rc3 35. Bg2
Qf4+ 36. Kg1 Rd3) 31... Kh7 32. Qd2 Rxc5 $2 (32... Rg8+ 33. Kh2 Rxc5 $13) 33.
Kg2 $1 Rg8+ (33... Nc4 34. Ng6 Nxd2 35. Nxe5 Rg8+ (35... Nxf1 36. Nd7 Rg8+ 37.
Kxf1 Rc1+ 38. Ke2 $18) 36. Ng6 Nxf1 37. Kxf1 $16) 34. Kh1 $2 (34. Ng6 f4 35.
Bg4 $16) 34... Rc3 35. Rg1 Rf3 (35... Nc4 36. Bxf5+ $18) 36. Rxg8 Kxg8 37. Rc2
Qxf4 $6 (37... Rxf4 38. Rc7 Nf7 $13) 38. Qxf4 Rxf4 39. Kg2 $16 Rh4 40. a6 $1 (
40. Rc7 Rxh5 41. Rd7 Rh6) 40... Rxh5 $2 (40... bxa6 41. Rc6 Nb5 42. Bxf5 $16)
41. Rc8+ $1 $18 Kg7 42. axb7 Nxb7 43. Rc7+ Kf6 44. Rxb7 Ke5 45. Rb5 Rg5+ 46.
Kf1 Kd6 47. Ra5 a6 48. f4 $1 exf3 (48... Rh5 49. Kg2 $18) 49. Kf2 Rh5 50. Bf1
Rh4 51. Bxa6 Rd4 52. Bb7 Rd3 53. Ra6+ Ke5 54. Re6+ Kf4 55. d6 Rd2+ 56. Ke1 f2+
57. Kf1 Kg3 58. Rg6+ Kf4 59. Bc6 1-0

[Event "Rostock-A 15th"]
[Site "Rostock"]
[Date "1989.??.??"]
[Round "5"]
[White "Pieniazek, Artur"]
[Black "Biro, Sandor"]
[Result "1-0"]
[WhiteElo "2345"]
[BlackElo "2320"]
[Annotator "Pieniazek,A"]
[PlyCount "57"]
[EventDate "1989.08.19"]
[EventType "tourn"]
[EventRounds "9"]
[EventCountry "DDR"]
[EventCategory "6"]
[SourceTitle "EXT 2002"]
[Source "ChessBase"]
[SourceDate "2001.11.25"]
[SourceVersion "1"]
[SourceVersionDate "2001.11.25"]
[SourceQuality "1"]

1. d4 Nf6 2. Nf3 g6 3. c4 Bg7 4. g3 O-O 5. Bg2 d5 6. cxd5 Nxd5 7. O-O Nc6 8. e4
Nb6 9. d5 Na5 10. Nc3 (10. Qe1 $5) 10... c6 11. Bg5 h6 12. Bf4 cxd5 (12... Nac4
13. b3 g5 $6 14. bxc4 gxf4 15. Qb3 fxg3 16. hxg3 Nd7 (16... cxd5) 17. Rfe1 Nc5
18. Qa3 cxd5 19. cxd5 Bg4 20. Rad1 Rc8 21. Nb5 Qb6 22. Nbd4 Qa6 23. Qe3 $1 Qxa2
$4 24. Ra1 Qc4 25. Bf1 {1-0; Pieniazek,A-Hutters, Kopenhagen 1989}) 13. exd5
Nac4 14. b3 g5 $6 (14... Bxc3 15. Rc1 Nb2 16. Qe2 Bg7 17. Be5 Bxe5 18. Nxe5)
15. bxc4 gxf4 16. Qb3 Qc7 (16... Bf5 17. c5 Nd7 18. c6 $1) (16... fxg3 17. hxg3
Nd7 18. Rfd1 Nc5 19. Qa3 b6 (19... Qc7 20. Rac1 a6 21. Nb5 Qb6 22. d6 $1) 20.
Nd4 Bb7 21. Nc6 $1) 17. Nd2 fxg3 18. hxg3 Bf5 (18... Nd7 19. Nde4 Nc5 20. Nxc5
Qxc5 21. Ne4 Qc7 22. Rac1 Bf5 23. c5 $1) 19. Rac1 Nd7 20. Nde4 Rfc8 (20... Nc5
21. Nxc5 Qxc5 22. Qxb7 Qxc4 23. Ne4 Qxa2 24. Qxe7 $1) 21. d6 $1 exd6 $2 22. Nb5
Nc5 23. Qa3 Qd7 24. Nexd6 Nd3 25. Rcd1 a6 26. Nxf5 axb5 27. Qxd3 Qxd3 28. Rxd3
bxc4 29. Rd7 {1:30-1:37} 1-0

[Event "Rohde op 09th"]
[Site "Sautron"]
[Date "2009.10.26"]
[Round "3"]
[White "Potkin, Vladimir"]
[Black "Le Roux, Jean Pierre"]
[Result "1-0"]
[WhiteElo "2615"]
[BlackElo "2474"]
[Annotator "Primel,D"]
[PlyCount "79"]
[EventDate "2009.10.24"]
[EventType "swiss"]
[EventRounds "9"]
[EventCountry "FRA"]
[SourceTitle "EXT 2010"]
[Source "ChessBase"]
[SourceDate "2010.11.25"]
[SourceVersion "1"]
[SourceVersionDate "2010.11.25"]
[SourceQuality "1"]
[TimeControl "6000"]
[WhiteClock "0:00:03"]
[BlackClock "0:00:01"]

1. d4 {1} Nf6 {3} 2. c4 g6 3. g3 Bg7 4. Bg2 d5 5. cxd5 {1} (5. Nf3 O-O 6. O-O
c6 7. cxd5 cxd5 8. Nc3 Nc6 9. Ne5 {Shirov,A (2739)-Naiditsch,A (2647) EU-Cup
23rd Kemer 2007 (6) 1/2}) 5... Nxd5 {5} 6. Nf3 O-O 7. O-O Nb6 8. Nc3 Nc6 9. e3
(9. d5 Na5 {[%cal Ga5c4,Gc7c6]} 10. e4 c6 $132) 9... Re8 {[%cal Ge7e5]} 10. Re1
{01} (10. d5 Na5 11. Nd4 Bd7 12. Qe2 Qc8 13. Rd1 c6 $11 {Palo,D (2519)
-Areshchenko,A (2625) Grundfos Young Masters 2005 (3) 0-1}) (10. Qe2 e5 11.
dxe5 Nxe5 12. Nxe5 Bxe5 13. Rd1 Qe7 14. e4 h5 $1 $11 {Smyslov,V (2570)
-Kortschnoj,V (2625) Beersheba 1990 (5) 1/2}) 10... Bd7 {7} (10... a5 $5 11. d5
Bxc3 12. bxc3 Qxd5 13. Nd4 Qc4 14. Ba3 Bd7 15. Bf1 Qa4 16. Qxa4 Nxa4 17. Rec1
Ne5 18. Rab1 c5 19. f4 cxd4 20. fxe5 Bf5 21. cxd4 Bxb1 22. Rxb1 e6 23. Rxb7
Reb8 24. Re7 Nc3 25. Bd3 {Navara,D (2654)-Ivanchuk,V (2746)/Prague 2009/
Mega2009 Update 21/0-1}) 11. Qe2 $146 {1 La nouveauté préparée par le
secondant d'ARONIAN mais la R serait mieux placée en d1 pour coopérer avec la
Qe2} (11. b3 a5 12. Bb2 a4 13. Nxa4 Nxa4 14. bxa4 Nb4 15. Qb3 c5 16. dxc5 Bxb2
17. Rad1 Bxa4 18. Rxd8 Bxb3 19. Rxe8+ Rxe8 20. Rb1 Bd5 21. Rxb2 Na6 22. Rd2 e6
23. Ne5 Bxg2 24. Kxg2 Nxc5 25. Rc2 b6 26. Rb2 {Malakhov,V (2675)
-Nepomniachtchi,I (2616)/Pamplona 2008/CBM 128/1/2-1/2}) (11. Ne4 e5 12. dxe5 {
1/2-1/2 Adly,A (2554)-Le Roux,J (2474)/Rijeka 2009/Mega2009 Update 37}) 11...
Qc8 {[%csl Rb7][%cal Ge7e5] 15 Une prépration indispensable avant de réagir au
centre par "e5" et les noirs ont aussi l'option de jouer Bh3 pour éliminer le
fort Bg2} (11... e5 12. Nxe5 Nxe5 13. dxe5 Bxe5 14. Bxb7) 12. Bd2 $1 {[%cal
Gd2c3] 1 Un coup modeste mais utile car les blancs anticipent l'échange de5 en
protégeant le Nc3 tout en soutenant la poussée f4 qui va gagner de l'espace.}
e5 {30} 13. Nxe5 {23 Fin de la préparation du GMI qui avait joué а tempo
jusqu'au 12ème coup} Nxe5 14. dxe5 Bxe5 15. f4 $1 {41} Bg7 {30} 16. e4 $14 {
[%csl Ge4,Gf4][%cal Ge4e5] 42} Bc6 {64} (16... Bg4 17. Qf2 Nc4 18. e5 Nxd2 19.
Qxd2 Qe6 $1 {[%cal Ga8d8]} 20. Qf2 (20. Bxb7 Qb6+ {[%cal Gb6b7,Gb6g1]}) 20...
c6 21. Ne4 $16 {[%csl Gf6][%cal Ge4d6]}) 17. e5 $1 {[%csl Rg7] 43} Bxg2 {67}
18. Qxg2 $16 {[%csl Rb6,Rb7] Les blancs ont maintenant un bon avantage
d'espace et une avance de développement} Qe6 {71} (18... Nc4 19. Re2 Nxb2 $6
20. Qe4 {[%csl Ga4,Rb2,Gc4][%cal Ga1b1]}) 19. b3 {[%csl Gc4]} (19. Qxb7 {
plus risqué} Nc4 {[%cal Gc4d2,Gc4b2]} 20. Rad1 {[%cal Gd2c1]} Rab8 21. Qxc7
Rxb2 22. Ne4 {[%cal Ge4d6]} (22. Bc1) 22... Nxd2 23. Rxd2 Rxd2 24. Nxd2 {
Si les blancs échangent les R, le couple Q et N sera redoutable}) 19... Rad8
20. Ne4 {[%cal Ge4c5,Ge4f6,Ga1d1] 64} (20. Rad1 Nd5 21. Nxd5 Qxd5 22. Qxd5 Rxd5
23. Bc3 (23. Be3) 23... Red8 24. Rxd5 Rxd5 25. Kf2 c6 26. g4 $14) 20... Nd5 {80
} 21. Rac1 Qb6+ 22. Kh1 Nb4 (22... Re7 {[%cal Ge7d7]} 23. Nc5 {[%csl Gd7]} c6
$11) 23. Bxb4 Qxb4 24. h4 Re7 (24... Rd4 {[%cal Ge8d8]} 25. Qe2 {[%cal Gh4h5]}
f5 26. Ng5 {[%csl Gf7]} Rd2 27. Qe3 Rxa2 28. Rxc7 {[%csl Gc7]}) 25. h5 Qa5 26.
hxg6 hxg6 27. Re2 Qb6 28. Rd2 Rxd2 $6 (28... Red7 $142 29. Rxd7 (29. Rcd1 Rxd2
30. Rxd2 Rxd2 31. Qxd2 Qc6 32. Qd3 f5 33. exf6 Bxf6 34. Kh2 $14) 29... Rxd7)
29. Qxd2 {[%csl Gd2,Ge4,Re7] Les Blancs ont maintenant une bonne finale} Qe6
30. Qd8+ Bf8 31. Nf6+ $40 Kg7 32. Kg2 Qa6 33. Qd2 Qb5 34. Rh1 Qc6+ 35. Qd5
Qxd5+ 36. Nxd5 Rd7 37. Nf6 Rd2+ 38. Kf3 Bc5 39. Rh7+ Kf8 40. Rh8+ 1-0